Click the 2000's Song Title Ending - Statistics

General Stats
  • This quiz has been taken 149 times
  • The average score is 17 of 20
Answer Stats
Hint Answer % Correct
In Da Club
96%
Drop It Like It's Hot
96%
Last Friday Night
96%
Don't Stop The Music
94%
I Want It That Way
94%
Beautiful Girls
93%
Beauty And A Beat
92%
Bottoms Up
92%
It Wasn't Me
89%
Party Like A Rock Star
89%
Lose Yourself
89%
Candy Shop
88%
Air Force Ones
84%
Everybody Talks
84%
Get Low
83%
Give Me Everything
80%
The Next Episode
77%
I'm N Luv
75%
Love Story
71%
My House
58%
No matching quizzes found
Score Distribution
Percent of People with Each Score
Percentile by Number Answered
Your Score History
You have not taken this quiz